| 000 | 00496nam a22001817a 4500 | ||
|---|---|---|---|
| 003 | CEME | ||
| 005 | 20210628203008.0 | ||
| 008 | 210119b xxu||||| |||| 00| 0 eng d | ||
| 020 | _a0-471-08635-5 | ||
| 040 | _c. | ||
| 082 | _a006.3 PAL | ||
| 100 |
_aPal , Sankar K, Shiu, Simon C.K _962781 |
||
| 245 | _aFoundations of soft case based reasoning | ||
| 260 |
_aNEW YORK _bJOHN WILEY _c2004 |
||
| 300 | _aXVII,273 P | ||
| 650 |
_aSOFT COMPUTING, CASE BASED REASONING _962782 |
||
| 942 |
_cBK _2ddc |
||
| 999 |
_c571776 _d571776 |
||